thousand eyes Lyrics (by FKA twigs) - Statistics

General Stats
  • This quiz has been taken 14 times
  • The average score is 166 of 216
Answer Stats
Answer % Correct
a
100%
A
100%
eyes
100%
I
100%
it
100%
thousand
100%
be
88%
don't
88%
If
88%
me
88%
out
88%
the
88%
you
88%
door,
75%
door
75%
goodbye
75%
It's
75%
it's
75%
last
75%
our
75%
starts
75%
wakes
75%
walk
75%
back,
63%
cold
63%
gonna
63%
with
63%
pull
50%
so
50%
all
38%
I'm
38%
those
38%
No matching quizzes found
Score Distribution
Percent of People with Each Score
Percentile by Number Answered
Your Score History
You have not taken this quiz